[Event "Sigeman & Co 04th"]
[Site "Malmo"]
[Date "1996.??.??"]
[Round "2"]
[White "Hellsten, Johan"]
[Black "Hector, Jonny"]
[Result "0-1"]
[WhiteElo "2475"]
[BlackElo "2520"]
[Annotator "Lutz,C"]
[PlyCount "104"]
[EventDate "1996.06.??"]
[EventType "tourn"]
[EventRounds "9"]
[EventCountry "SWE"]
[EventCategory "12"]
[SourceTitle "CBM 054"]
[Source "ChessBase"]
[SourceDate "1996.10.01"]
[SourceVersion "1"]
[SourceVersionDate "1996.10.01"]
[SourceQuality "1"]

1. d4 d5 2. c4 c6 3. Nf3 Nf6 4. Nc3 e6 5. e3 Nbd7 6. Qc2 Bd6 7. g4 Nxg4 8. Rg1
Nxh2 9. Nxh2 Bxh2 10. Rxg7 Qf6 $1 {Schwarz gibt vernünftigerweise seinen
Mehrbauern wieder zurück.} (10... Nf8 11. Rg2 Bc7 12. e4 $44 {Djurhuus,R-Gronn,
A/Oslo (03)/CBM 30 1992}) 11. Rg2 {Weiß verschmäht den Bauern.} (11. Rxh7 a6
12. Rxh8+ Qxh8 13. e4 $2 (13. Bd2 $5 b5 $5 14. cxd5 cxd5 15. O-O-O Bb7 16. Kb1
Bd6 $13) 13... e5 14. exd5 exd4 15. Qe4+ Ne5 16. Ne2 Bg4 $17 17. dxc6 f5 18.
cxb7 Rd8 19. Qd5 Nd3+ 20. Kd2 Rxd5 21. cxd5 Nxf2 {0-1 Shirov,A-Piket,J/Monaco
blind (03) ;EXP 46 1995}) 11... Bd6 12. e4 $6 {Wahrscheinlich etwas überstürzt.
} (12. Bd2 Nf8 (12... a6 13. O-O-O b5 14. e4 $5) 13. O-O-O Bd7 14. Kb1 {
Schwarz hat Probleme mit seiner Entwicklung, während Weiß e3-e4 vorbereiten
kann.} Ng6 (14... O-O-O 15. cxd5 exd5 16. Nxd5) 15. f4 Nh4 16. Rf2 a6 17. e4 {
Der Rest der Partie ist sehenswert.} Qxd4 18. Re2 Qg7 19. exd5 Qg6 20. Ne4 Be7
21. d6 Bd8 22. Bc3 Rg8 23. Bh3 Qh5 24. f5 Nf3 25. fxe6 fxe6 26. Bxe6 Bxe6 27.
Nc5 Qxc5 28. Rxe6+ Kf8 29. Qxh7 Bg5 30. Re7 {1-0 Mozetic,D-Jovicevic,B/JUG-chT
Tivat (09) ;EXP 48 1995}) 12... Bf4 (12... Bb4 13. cxd5 exd5 14. exd5 cxd5 15.
Rg3 h6 (15... Nb6 16. Bg5) 16. Bd2 Nb6 17. Nb5 Bxd2+ 18. Qxd2 Qd8 19. Rc1 $16 {
Chabanon,J-Tischbierek,R/Bad Endbach ;CBM 47 1995}) 13. e5 (13. exd5 $5) 13...
Qh6 14. Bxf4 Qxf4 15. Qd2 Qxd2+ 16. Kxd2 $44 {Weiß hat etwas Kompensation für
den Bauern, mehr aber auch nicht.} b6 (16... Nf8 $5) 17. Be2 Bb7 18. cxd5 c5 $5
19. Ke3 cxd4+ 20. Kxd4 exd5 21. Bb5 Rd8 22. Rh1 Ke7 23. Bxd7 Rxd7 24. b3 Rdd8
25. Rh6 Kf8 26. Rg3 Rg8 27. Rxh7 Rxg3 28. fxg3 Ke7 29. Rg7 Bc8 30. Rh7 Be6 31.
Ne2 Rg8 32. Rh4 Kd7 33. Nf4 Rxg3 34. Nxd5 Rg2 35. Nc3 Bf5 36. Ke3 Ke6 37. Ne2
Kxe5 38. Ra4 a5 39. Rc4 Bg4 40. Nc3 f5 41. Kd3 Rg3+ 42. Kd2 f4 43. Re4+ Kf5 44.
Re8 Rg2+ 45. Ke1 f3 46. Kf1 Rc2 47. Rf8+ Ke5 48. Re8+ Kd4 49. Nb5+ Kd3 50. Rf8
Ke3 51. Kg1 Rc1+ 52. Kh2 f2 0-1

[Event "Sigeman & Co 04th"]
[Site "Malmo"]
[Date "1996.??.??"]
[Round "8"]
[White "Agrest, Evgenij"]
[Black "Hector, Jonny"]
[Result "1-0"]
[WhiteElo "2485"]
[BlackElo "2520"]
[Annotator "Lutz,C"]
[PlyCount "115"]
[EventDate "1996.06.??"]
[EventType "tourn"]
[EventRounds "9"]
[EventCountry "SWE"]
[EventCategory "12"]
[SourceTitle "CBM 054"]
[Source "ChessBase"]
[SourceDate "1996.10.01"]
[SourceVersion "1"]
[SourceVersionDate "1996.10.01"]
[SourceQuality "1"]

1. d4 {Bykhovsky,Av} d5 2. c4 c6 3. Nc3 Nf6 4. e3 e6 5. Nf3 Nbd7 6. Qc2 Bd6 7.
Be2 O-O 8. O-O Qe7 9. c5 $5 {Gibt den Druck gegen d5 auf.} (9. e4 dxe4 (9... e5
$2 {läßt nun den Pd5 einstehen.}) 10. Nxe4 Nxe4 11. Qxe4 e5 12. c5 $2 (12. Bg5
Nf6 13. Bxf6 gxf6 14. c5 exd4 15. Qh4 $13 {Rogozenko,D-Novikov,I/Nikolaev zt 
(02)/CBM 47 1995}) 12... exd4 $1) 9... Bc7 10. e4 dxe4 $2 {Der kritische Zug
muß 10... e5 sein:} (10... e5 11. exd5 Nxd5 12. Nxd5 cxd5 $132) 11. Nxe4 h6 {N/
} (11... Nxe4 12. Qxe4 {würde zu Stellungen nach 9. e4 führen, allerdings mit
dem für Weiß günstigen Zugpaar c4-c5 und ...Bd6-c7 eingeschoben.} (12. Qxe4 {
Bykhovsky,Av} e5 $1 13. Bg5 Qe6 14. Bd3 Qg6 15. Qe3 exd4 $17 {Eingorn,
V-Topalov,V/Alicante/1992/0:1/47/})) 12. Bc4 b6 13. Nxf6+ Nxf6 (13... Qxf6 $5)
14. b4 a5 15. cxb6 Bxb6 16. bxa5 Rxa5 (16... Bxa5 $5 {Bykhovsky,Av} 17. Ne5 Bd7
{/\Rfc8,c5/}) 17. Rb1 Qd8 (17... Bc7 $5 {Bykhovsky,Av}) 18. Rd1 Bc7 19. Ne5 Nd7
$2 (19... Bd7 $14) 20. Nxc6 $18 Bxh2+ 21. Kf1 $1 Qc7 22. Nxa5 Qxa5 23. Qe2 Bd6
24. Bd2 Qc7 25. Bd3 Nf6 26. Qf3 Nd5 27. Qe4 f5 (27... Nf6 {Bykhovsky,Av} 28.
Qh4 Nd5 29. Rb3 $18) 28. Qe2 Qe7 29. Bc4 Qh4 30. Qf3 Qxd4 31. Bxd5 exd5 32. Kg1
Be6 33. Bb4 Qe5 34. Bxd6 Qxd6 35. Qe3 f4 36. Qb6 Qd7 37. f3 Rf6 38. Qd4 h5 39.
Rb8+ Kh7 40. Rdb1 Bf7 41. R8b6 Rxb6 42. Rxb6 Qe7 43. Kf1 Qc7 44. a4 Qc1+ 45.
Kf2 g5 46. Rb7 Qc2+ 47. Kg1 Qf5 48. Qa7 Kg6 49. Qb6+ (49. Rxf7 $18 {Bykhovsky,
Av}) 49... Be6 50. Qb1 d4 51. Qxf5+ Kxf5 52. Rb5+ Kf6 53. Kf2 h4 54. a5 d3 55.
Rb6 g4 56. fxg4 Ke5 57. a6 Bd5 58. Rb5 1-0

[Event "NED-ch51"]
[Site "Amsterdam"]
[Date "1996.06.15"]
[Round "8"]
[White "Van der Sterren, Paul"]
[Black "Piket, Jeroen"]
[Result "1-0"]
[WhiteElo "2535"]
[BlackElo "2570"]
[Annotator "Lutz,C"]
[PlyCount "51"]
[EventDate "1996.06.07"]
[EventType "tourn"]
[EventRounds "11"]
[EventCountry "NED"]
[EventCategory "11"]
[SourceTitle "CBM 054"]
[Source "ChessBase"]
[SourceDate "1996.10.01"]
[SourceVersion "1"]
[SourceVersionDate "1996.10.01"]
[SourceQuality "1"]

1. d4 {Ftacnik Petursson Bykhovsky,Av VanderWiel} Nf6 2. c4 e6 3. Nf3 d5 4. Nc3
c6 5. e3 Nbd7 6. Qc2 Bd6 7. Be2 O-O 8. O-O e5 (8... Re8 $5 $10) 9. cxd5 cxd5
10. Nb5 Bb8 11. dxe5 {Black usually gets quite a good compensation for his
isolated pawn in the form of piece activity.} Nxe5 12. Nbd4 Ne4 (12... Bg4 13.
Nxe5 (13. h3 Bxf3 14. Nxf3 Qd6 15. Nxe5 Qxe5 16. g3 Ne4 17. Bf3 Bc7 18. Bxe4
dxe4 19. Bd2 Rac8 20. Qb3 Bb6 {1/2-1/2 Chiricuta Kantor,I-Radu,E/ROM-chW (06)/
1992/ (42)}) 13... Bxe5 14. Bxg4 Nxg4 15. Nf3 Bd6 16. Bd2 Ne5 17. Nxe5 Bxe5 18.
Rac1 d4 19. exd4 {1/2-1/2 Outerelo,M-Guerra/Pontevedra (03)/1992/}) 13. Bd2 (
13. Nxe5 Bxe5 14. Nf3 Bd6 15. Rd1 Be6 16. Bd2 Rc8 17. Qa4 Qb6 18. Qb5 Qxb5 19.
Bxb5 Rc2 20. Rab1 Nxd2 21. Rxd2 Rxd2 22. Nxd2 Rc8 {Koniushkov,I-Mueller,Ka/
Hamburg Wichern-op (03)/1995/0-1 (52)}) 13... Qb6 $6 (13... Bg4) 14. Rfd1 Ng4
$6 {N/} (14... Nxf3+ 15. Nxf3 (15. Bxf3 $1 Qh6 16. h3 Qg6 17. Bb4 Re8 18. Qb3
Re5 19. Ne2 $16 {Epishin}) 15... Bg4 16. Be1 Qd6 17. g3 Qf6 18. Kg2 Rd8 19.
Rac1 h5 20. Nd4 Bxe2 21. Qxe2 $14 {Epishin,V-Godena,M/Reggio Emilia (02) ;CBM
45 1994} (21. Qxe2 h4 22. Qg4 {1-0 Epishin,V-Godena,M/Reggio Emilia (02) ;CBM
45 1994 (35)})) 15. Be1 Qh6 16. h3 Ngf6 (16... Nxe3 {Ftacnik} 17. fxe3 Qxe3+
18. Kh1 $16) 17. Rac1 a6 $2 {Peturson: Loses, but the Black queen is awkward
on h6 in this position and he is in serious difficulties Ftacnik: Piket is not
suspecting, that his decentralized queen can cause him lot of sorrow after a
brave combination of his opponent.} (17... Bd7 $5 {Van der Wiel} 18. Qb3 $16 (
18. Bb5 $16)) 18. Qxc8 $1 $18 Bh2+ 19. Nxh2 Raxc8 20. Nf5 {Peturson: Black
must have overlooked this nice indirect fork when he played 17.....a6} Qg5 (
20... Qg6 {Ftacnik} 21. Ne7+ Kh8 22. Nxg6+ $18) (20... Rxc1 {Ftacnik} 21. Nxh6+
gxh6 22. Rxc1 $18) 21. Ne7+ Kh8 22. Rxc8 Rxc8 23. Nf3 {Ftacnik: Black's queen
must have felt nearly shame, since her clumsiness causes the oncoming disaster.
} Qh6 (23... Qh5 {Ftacnik} 24. Nxc8 Qf5 25. Rc1 Qe6 26. Rc7 $18) 24. Nxc8 g6
25. Nb6 (25. Bb4 {Ftacnik} Kg7 26. Nd6 $18) 25... Qf8 26. Nxd5 (26. Nxd5 {
Ftacnik} Nxd5 27. Rxd5 Qc8 28. Bd3 $18) 1-0

[Event "Linares Anibal op 04th"]
[Site "Linares"]
[Date "1997.??.??"]
[Round "6"]
[White "Arencibia Rodriguez, Walter"]
[Black "Fridman, Daniel"]
[Result "1/2-1/2"]
[WhiteElo "2560"]
[BlackElo "2490"]
[Annotator "Lutz,C"]
[PlyCount "74"]
[EventDate "1997.02.??"]
[EventType "swiss"]
[EventRounds "10"]
[EventCountry "ESP"]
[SourceTitle "CBM 058"]
[Source "ChessBase"]
[SourceDate "1997.06.01"]
[SourceVersion "1"]
[SourceVersionDate "1997.06.01"]
[SourceQuality "1"]

1. d4 d5 2. c4 c6 3. Nc3 Nf6 4. Nf3 e6 5. e3 Nbd7 6. Qc2 Bd6 7. b3 O-O 8. Be2
e5 9. cxd5 cxd5 10. Nb5 Bb4+ 11. Bd2 Bxd2+ 12. Nxd2 a6 13. dxe5 Nxe5 14. Nd4
Bg4 $1 (14... Qd6 {Dies ist weniger genau als 14...Bg4, da die schwarze Dame
eventuell bessere Felder als d6 hat.} 15. O-O Bg4 16. Bxg4 Nexg4 17. N2f3 Rac8
18. Qf5 g6 19. Qg5 Rfe8 20. h3 Ne5 21. Nxe5 Rxe5 22. Qf4 Ne4 23. Rfc1 $14 {
1-0 Seirawan,Y-Adianto,U/Jakarta m 1994 (46)}) 15. Bxg4 Nexg4 (15... Nfxg4 16.
O-O Rc8 17. Qf5 g6 18. Qf4 Re8 19. Rad1 Nf6 20. h3 Kg7 21. N2f3 Nxf3+ 22. Qxf3
Qa5 {Die weißen Schwächen am Damenflügel geben Schwarz genügend Gegenspiel.}
23. Qe2 Rc7 24. Qb2 Qc3 25. Qxc3 Rxc3 26. a4 Rec8 27. Rfe1 Ne4 28. Re2 {
1/2-1/2 Ehlvest,J-Wojtkiewicz,A/New York op 1994}) 16. O-O Rc8 17. Qb2 (17. Qf5
Qc7 $1 18. N2f3 Rfe8 {und Schwarz hat dank der Beherrschung der c-Linie
genügend Gegenspiel. Hier wirkt sich die Einsparung von 14...Qd6 aus.}) 17...
Ne4 18. N2f3 Qf6 19. h3 Ne5 20. Nxe5 Qxe5 21. Rac1 g6 22. Rc2 Rxc2 23. Qxc2 Nd6
{Der einzuge Versuch, um Vorteil zu erreichen, war 24.Qc7!?.} 24. Nf3 $6 (24.
Qc7 Rc8 25. Qd7 $5) 24... Qe6 25. Nd4 Rc8 $11 26. Qd2 Ne4 27. Qb4 Qd7 28. Qb6
Qc7 29. Qxc7 Rxc7 30. f3 Ng5 31. Rf2 Rc1+ 32. Kh2 Rc3 33. Re2 Ne6 34. Nxe6 fxe6
35. e4 dxe4 36. Rxe4 Kf7 37. Rd4 Ke7 1/2-1/2

[Event "Capablanca Memorial Elite 33rd"]
[Site "Havana"]
[Date "1998.05.11"]
[Round "4"]
[White "Bischoff, Klaus"]
[Black "Bacrot, Etienne"]
[Result "0-1"]
[WhiteElo "2545"]
[BlackElo "2565"]
[Annotator "Lutz,C"]
[PlyCount "58"]
[EventDate "1998.05.07"]
[EventType "tourn"]
[EventRounds "11"]
[EventCountry "CUB"]
[EventCategory "12"]
[SourceTitle "CBM 065"]
[Source "ChessBase"]
[SourceDate "1998.08.06"]
[SourceVersion "1"]
[SourceVersionDate "1998.08.06"]
[SourceQuality "1"]

1. Nf3 {Tsesarsky} Nf6 2. d4 d5 3. c4 c6 4. Nc3 e6 5. e3 Nbd7 6. Qc2 Bd6 7. Be2
O-O 8. b3 Qe7 (8... dxc4 {Tsesarsky} 9. Bxc4 (9. bxc4 c5 (9... Qc7 10. Bb2 Re8
11. Ng5 h6 12. h4 b6 13. O-O-O e5 14. Kb1 Nf8 15. Nge4 Nxe4 16. Nxe4 exd4 17.
exd4 Bb4 18. Bf3 $132 {Skyva,Z-Tochacek,M/CZE Tschechien-ch 1993/1/2-1/2 (73)})
10. O-O b6 11. Bb2 Bb7 12. Rad1 cxd4 13. exd4 Rc8 14. Ne5 a6 15. f4 Qc7 16. Qb3
Rfd8 17. Rde1 (17. Bd3 $132) 17... Bf8 $132 (17... Ne4 $2 18. Bh5 $1 $16 {
0-1 Skyva,Z-Orsag,M/CZE Tschechien-ch 1993 (33)})) 9... e5 10. O-O exd4 11.
exd4 h6 12. Be3 Nb6 13. h3 Nxc4 14. bxc4 Be6 15. Ne2 Qc8 16. Ng3 b5 $15 {
0-1 Kalinin,O-Kozlov,O/Litomysl op 1994 (52)}) (8... c5 {Tsesarsky} 9. O-O b6
10. Bb2 Bb7 11. Rad1 Rc8 12. Qb1 Bb8 13. cxd5 exd5 14. Rfe1 Qe7 15. Bf1 Rfd8
$132 {Hofman,R-Bronstein,D/Open, Hoogeveen NED 1997/0-1 (47)}) 9. Bb2 b6 (9...
dxc4 {Tsesarsky} 10. bxc4 c5 11. Ba3 cxd4 12. Bxd6 Qxd6 13. Nxd4 a6 14. O-O Qc7
15. Ne4 Nxe4 16. Qxe4 Nf6 17. Qc2 Bd7 $11 {0-1 Stojnic,M-Mifsud,T/EU-chJM U14
Szombathely 1993 (43)}) 10. O-O-O $5 {Ich denke nicht, daß Schwarz diesen
Aufbau übermäßig fürchten muß.} (10. O-O {Tsesarsky} Bb7 11. e4 dxe4 12. Nxe4
Nxe4 13. Qxe4 Nf6 14. Qh4 Rfd8 $11 {[%cal Gc6c5]}) 10... Bb7 (10... dxc4 {
Tsesarsky} 11. Bxc4 Bb7 12. e4 Bf4+ 13. Kb1 c5 14. e5 Bxf3 15. gxf3 Nh5 16. Ne4
$14) 11. Kb1 {Sehr prophylaktisch gespielt. Der weiße König rückt rechzeitig
aus der c-Linie heraus.} Rac8 (11... a5 $5 $15 {Tsesarsky}) 12. Rc1 (12. e4 {
Tsesarsky} dxe4 13. Nxe4 Nxe4 14. Qxe4 Nf6 15. Qc2 c5 16. Bd3 Bxf3 17. gxf3 b5
$15) 12... a6 (12... dxc4 {Tsesarsky} 13. bxc4 (13. Bxc4 c5 14. Rhd1 cxd4 15.
Rxd4 Ne5 16. Nb5 Nxc4 17. bxc4 Bc5 18. Rh4 h6 $15) 13... c5 $15) 13. h4 (13.
Rhd1 $132 {Tsesarsky}) 13... c5 14. cxd5 exd5 15. dxc5 bxc5 16. Bd3 (16. Rhd1 {
Tsesarsky} Nb6 17. Bd3 $132) 16... Rfd8 17. h5 {Um das Feld f5 für Läufer oder
Springer zu sichern.} (17. Rhd1 $2 {Tsesarsky} Nb6 $132 (17... d4 $1 18. exd4
Bxf3 (18... Bf4 $2 19. Re1 Qf8 20. Rcd1 Bxf3 21. gxf3 cxd4 22. Bxa6 dxc3 23.
Bxc8 Rxc8 24. Bxc3 Qc5 25. Rd4 Nd5 26. Rc4 Nxc3+ 27. Qxc3 Qf5+ 28. Qc2 Qxc2+
29. Rxc2 $16) 19. Re1 Qf8 20. gxf3 (20. dxc5 Bf4 21. gxf3 Bxc1 22. Rxc1 Nxc5
23. Ba3 Rxd3 24. Bxc5 Qd8 25. Be7 Qd7 26. Nd5 $5 Rxc2 27. Nxf6+ Kh8 $1 (27...
gxf6 28. Rg1+ Kh8 29. Bxf6#) 28. Nxd7 Rxc1+ 29. Kxc1 Rxd7 $17) 20... cxd4 21.
Bxa6 dxc3 22. Bxc3 Rxc3 23. Qxc3 Bb4 $19)) (17. Ng5 $5 {Tsesarsky} Nf8 18. Bf5
Rb8 19. Na4 $132) 17... d4 $5 {Eine strategisch zweischneidige Entscheidung.
Einerseits werden nun die weißen Läufer eingeschlossen, Schwarz muß also
keinen direkten Königsangriff fürchten. Andererseit kann Weiß eine Blockade
auf dem Feld c4 errichten.} 18. Na4 (18. exd4 $2 {Tsesarsky} Bxf3 19. Rce1 (19.
gxf3 cxd4 $19) 19... Qf8 20. dxc5 Nxc5 $1 (20... Bxg2 $2 21. Rhg1 Nxc5 22. Rxg2
Nxd3 23. Qxd3 Bb4 24. Qf3 Rd2 25. Ba1 (25. Na4 Rxb2+ 26. Nxb2 Bxe1 27. Qxf6 Bc3
$17) 25... Ne8 26. h6 g6 27. Rg4 a5 $15) 21. Bf5 $2 (21. gxf3 Nxd3 22. Qxd3 Bb4
23. Qe3 (23. Qc2 Bxc3 24. Bxc3 Nd5 $19) 23... Bxc3 24. Bxc3 Nd5 $19) 21... Bxg2
22. Rhg1 Be4 $1 $19) 18... h6 (18... c4 $5 {Tsesarsky} 19. bxc4 $1 (19. Bxc4
Be4 $19) (19. Bf5 d3 (19... cxb3 20. Qxb3 Be4+ 21. Bxe4 Qxe4+ 22. Ka1 dxe3 $17)
20. Qc3 Bb4 21. Qd4 cxb3 22. Rxc8 bxa2+ 23. Kxa2 Bxc8 24. Qxd3 Nc5 $19) 19...
dxe3 20. Rhe1 Bf4 21. Nd4 $132 (21. g3 Bh6 22. Nd4 $132)) (18... dxe3 {
Tsesarsky} 19. Rce1 Bf4 20. fxe3 Bg3 21. Rd1 c4 22. bxc4 Qxe3 23. Nd4 $132) 19.
Rhe1 Qf8 20. e4 {Weiß will langfristig g2-g3 und f2-f4 spielen.} (20. exd4 $5 {
kam aber ebenfalls stark in Betracht.}) (20. Bf5 {Tsesarsky} Bc6 21. exd4 cxd4
22. Qd3 Bb4 23. Red1 Bxa4 24. Rxc8 Rxc8 (24... Bb5 25. Rc4 $14) 25. bxa4 Bc3
26. Nxd4 Bxb2 27. Kxb2 Rb8+ 28. Ka1 Ne5 29. Qc3 Nd5 30. Qc2 Qb4 31. Nb3 $132)
20... Re8 (20... Bf4 {Tsesarsky} 21. Rcd1 Rb8 22. g3 Bd6 23. Nh4 Ne5 24. Nf5
Nxd3 25. Qxd3 Re8 26. f3 Nxh5 $17) 21. Nd2 (21. Rcd1 {Tsesarsky} Nxh5 $17 (
21... Rb8 $17)) 21... Bc6 (21... Rb8 $17 {Tsesarsky}) (21... Nxh5 $17 {
Tsesarsky}) 22. Nc4 (22. f3 $142 {Tsesarsky} Nxh5 23. e5 (23. Bxa6 Ra8 24. Bc4
Nf4 $17) 23... Rxe5 (23... Nxe5 $1 24. Bxa6 d3 (24... Ra8 25. Nxc5 Bxc5 26.
Qxc5 Qxc5 27. Rxc5 Rxa6 28. Rcxe5 Rxe5 29. Rxe5 Nf4 30. Bxd4 Nxg2 $132) 25.
Bxd3 (25. Qc3 Rcd8 26. Nxc5 (26. Qa5 Nf4 $17) 26... Nf4 $17) 25... Nxd3 26.
Qxd3 Bxa4 27. bxa4 Nf4 $17 (27... Bf4 $17)) 24. Rxe5 Nxe5 25. Bxa6 d3 $5 26.
Bxd3 Nxd3 27. Qxd3 Bxa4 28. bxa4 Bf4 $6 (28... Nf4 $1 29. Qc2 Rb8 (29... Nxg2
$2 30. Rg1 $16) 30. Nc4 Ne6 $17) 29. Rc2 Rd8 30. Qc3 Nf6 (30... Ng3 31. Nb3
Rd1+ 32. Nc1 Rd5 33. Nb3 Nf5 34. Bc1 (34. Nxc5 Ne3 35. Rc1 Nd1 36. Qb3 Nxb2 37.
Qxd5 Bxc1 38. Qc6 $1 (38. Kxc1 Qxc5+ $1 39. Qxc5 Nd3+ $19) 38... Nxa4 39. Nxa4
Ba3 $132) 34... Bxc1 35. Rxc1 Qb8 $15) 31. Nb3 Rd1+ 32. Nc1 Nd7 (32... Bxc1 $6
33. Rxc1 (33. Bxc1 Nd7 34. a5 $132) 33... Qd6 34. Qc2 Rxc1+ 35. Kxc1 $14) 33.
Re2 $132) 22... Bxa4 23. bxa4 Rb8 (23... Bf4 {Tsesarsky} 24. Rcd1 Rb8 25. g3
Bc7 26. f4 Qe7 (26... Nxh5 27. e5 Nb6 28. Rh1 Nxg3 $6 (28... g6 29. Nxb6 (29.
Bxg6 fxg6 30. Qxg6+ Ng7 31. Rxh6 Nxc4 32. Qh7+ Kf7 33. Rf6+ Ke7 34. Rxf8 Rxb2+
35. Ka1 Kxf8 36. Rc1 Rb4 $19) 29... Rxb6 30. a5 Rb4 31. a3 Rbb8 32. Bxg6 fxg6
33. Qxg6+ Ng7 34. Rxh6 Qf5+ 35. Qxf5 Nxf5 36. Rxa6 Ne3 37. Rc1 c4 $17) 29. Rh3
Nd5 30. Rg1 Nxf4 31. Rhxg3 Bxe5 32. Nxe5 Rxe5 33. Bxa6 (33. Rxg7+ Qxg7 34.
Rxg7+ Kxg7 35. Qd2 Nxd3 36. Qxd3 Rg5 37. Qd2 Re8 $15) 33... Ne6 34. Bd3 Rg5 $15
) 27. e5 Nd5 $17) 24. Ka1 $6 {Dieser und besonders der folgende Zug sind zu
prophylaktisch. Weiß sollte mittels g2-g3 und f2-f4 seine Bauern in Bewegung
setzen.} (24. g3 Ng4 25. f4 {Weiß hat die Initiative.}) 24... Ng4 (24... Bf4 {
Tsesarsky} 25. Rb1 Bc7 26. Rh1 Rb7 27. f3 Reb8 28. g4 $15) (24... Nxh5 $17 {
Tsesarsky}) 25. Rb1 $6 {Stärkt zwar die b-Linie, schwächt aber das Feld c4.} (
25. g3 Nge5 26. f4 {war immer noch gut.}) 25... Nge5 (25... Ngf6 $17 {Tsesarsky
}) 26. Nxe5 Bxe5 (26... Nxe5 $2 {Tsesarsky} 27. Bxa6 $132) 27. Bxa6 c4 (27...
Nf6 {Tsesarsky} 28. Bb5 Re6 29. g3 Nxh5 30. Rh1 Nf6 (30... g6 31. Rbc1 Bg7 32.
Qxc5 Rxe4 (32... Qxc5 33. Rxc5 Rxe4 34. Rd5 $14) 33. Qxf8+ Kxf8 34. Rhd1 $14)
31. f4 Bc7 32. e5 Nd5 33. Rbc1 Bb6 34. Qe4 $132) (27... Re6 {Tsesarsky} 28. Bb5
$132) 28. Qxc4 $2 (28. Bxc4 {führt zu einer unklaren Stellung.}) (28. Bxc4 {
Tsesarsky} Rec8 (28... Rxb2 29. Rxb2 d3 30. Bxd3 Rc8 31. Qe2 Nc5 32. Bb5 Rb8
33. f4 Bxb2+ 34. Qxb2 (34. Kxb2 Nxa4+ $1 (34... Nd3+ 35. Qxd3 (35. Ka1 Nxe1 36.
Qxe1 Qd6 $17) 35... Qb4+ 36. Kc2 Qxe1 37. Kb3 $132) 35. Kb3 Nc5+ 36. Kb2 Qe8
$19) 34... Nd3 $17) 29. Rec1 Nb6 30. Qd3 Nxa4 $15) (28. Bb5 {Tsesarsky} d3 $2 (
28... c3 $2 29. Bc1 (29. Bxc3 Rec8 30. Bxd7 d3 $1 $19) 29... Nc5 $5 30. Ba3 (
30. Bxe8 Rxb1+ 31. Qxb1 d3 $19) 30... Rec8 31. Red1 $132) (28... Rec8 $1 29. f4
$8 d3 30. Qd1 (30. Qf2 Bxb2+ 31. Rxb2 c3 $19) 30... Bxb2+ 31. Rxb2 c3 32. Rb3
c2 (32... d2 33. Rf1 Nc5 34. Rxc3 Nxe4 $19) 33. Qd2 Qc5 $19 (33... Nc5 $19))
29. Qxc4 d2 30. Red1 Rec8 31. Qd3 Bxb2+ 32. Rxb2 Rc1+ 33. Rb1 Nc5 34. Qxd2
Rxb1+ 35. Rxb1 Nxe4 36. Qd4 $16) (28. f4 $5 {Tsesarsky} Bxf4 (28... d3 29. Qxc4
Rxb2 30. fxe5 (30. Rxb2 d2 31. Rd1 Bxb2+ 32. Kxb2 Nc5 33. Bb5 Rxe4 34. Qc2 Rb4+
35. Ka1 Ne4 36. Qc7 (36. Bc6 Qd6 $19) 36... Rd4 (36... Rb3 37. Qd7 Rc3 38. Rxd2
Nxd2 39. Qxd2 Qa3 40. Kb1 Rc8 $17) 37. Be2 Nf2 38. Rb1 d1=Q (38... Re4 39. Rb8
Re8 40. Rxe8 Qxe8 41. a5 Qxe2 42. Qc8+ Kh7 (42... Qe8 43. Qxe8+ Kh7 44. Qe2
d1=Q+ 45. Qxd1 Nxd1 46. a6 $18) 43. Qf5+ Kg8 $11) 39. Bxd1 Rxd1 40. Rxd1 Nxd1
41. a5 g5 $1 42. g3 (42. hxg6 Qg7+ 43. Qe5 Qxg6 44. f5 (44. a6 Qc2 $19) 44...
Qg5 45. a4 Qc1+ 46. Ka2 Nc3+ 47. Kb3 Qd1+ 48. Kc4 Qxa4+ 49. Kd3 Na2 $19) 42...
gxf4 $1 (42... Qg7+ $2 43. Qe5 Qxe5+ 44. fxe5 Nc3 45. a6 Nb5 46. Kb2 Kf8 (46...
f5 47. exf6 Kf7 48. Kb3 Kxf6 49. Kc4 Nc7 (49... Na7 50. Kc5 Nc8 51. Kc6 $18)
50. a7 Ke6 51. Kc5 Kd7 52. Kb6 Kc8 53. g4 Na8+ 54. Kc6 Nc7 55. a4 Na8 56. a5
Kd8 57. Kd6 Nc7 58. a6 Nb5+ 59. Ke6 Nxa7 60. Kf6 Nb5 61. Kg7 Ke7 62. Kxh6 Kf6
$11) 47. a4 Na7 48. Kc3 Ke7 (48... Nc6 49. Kc4 $16) 49. Kd4 Kd7 50. Ke4 Kc6 51.
Kf5 Kd5 52. Kf6 g4 53. Kxf7 Kxe5 54. Kg6 Nc6 55. Kxh6 Kf6 $11) 43. gxf4 Qg7+
44. Qe5 Qg2 45. Qb8+ Kg7 46. Qe5+ Kh7 47. Qf5+ Kg8 48. Qc8+ Kg7 $19) 30... Nxe5
31. Qd5 d2 32. Rf1 Rxb1+ 33. Rxb1 Rd8 34. Qxe5 d1=Q $19) 29. Bxc4 Rec8 $17)
28... Rb4 {Nun wird es schwierig.} (28... Rxb2 $2 {Tsesarsky} 29. Kxb2 d3+ 30.
Kc1 $13) 29. Qc6 $2 (29. Qc2 Nc5 (29... Ra8 {Tsesarsky} 30. Bb5 Nc5 31. Red1
Nxa4 32. Bxa4 Rbxa4 $19) 30. Bb5 d3 $1 31. Qd1 Nb3+ 32. axb3 Rxa4+ 33. Bxa4
Qa3#) (29. Qf1 Nc5 (29... Rxa4 $2 {Tsesarsky} 30. Bb5 Ra7 31. f4 Rea8 32. Bc4
Nc5 33. Rbd1 (33. fxe5 Rxa2+ 34. Bxa2 Nb3#) 33... Bf6 34. Bd5 $16) (29... Ra8
$6 30. Bb5 d3 31. Bxe5 (31. Bxd7 Bxb2+ 32. Rxb2 Rxb2 33. Kxb2 Qb4+ 34. Ka1 Qd4+
35. Kb1 Qxd7 $19) 31... Nxe5 32. f4 Qc5 33. Rxb4 Qxb4 34. fxe5 Qc3+ 35. Kb1
Qc2+ 36. Ka1 d2 37. Rb1 Qc3+ 38. Rb2 Rc8 39. Ba6 Qd4 40. Bxc8 d1=Q+ 41. Qxd1
Qxd1+ 42. Rb1 Qd4+ 43. Rb2 Qxe4 44. Bb7 Qe1+ 45. Rb1 Qxe5+ 46. Rb2 Qxh5 $19) (
29... Rxb2 $1 30. Rxb2 d3 31. Reb1 (31. Bb5 Bxb2+ 32. Kxb2 Qb4+ 33. Ka1 d2 $19)
31... Nc5 $1 32. Bc4 (32. Bb5 Nb3+ $1 33. axb3 Qa3#) 32... Nxa4 $19) 30. Bb5
Rb8 31. f4 (31. a3 Rxb2 32. Rxb2 d3 $19) 31... R8xb5 32. axb5 (32. fxe5 Ra5 $17
) 32... Nb3+ 33. axb3 Qa8+) (29. Qc1 {Tsesarsky} Ra8 (29... Nc5) (29... Rxb2 $1
30. Rxb2 d3 31. Bxd3 Rc8 32. Qd2 Qd6 (32... Nc5 33. Bc2) 33. Qd1 Bxb2+ 34. Kxb2
Qb4+ 35. Ka1 Qc3+ 36. Kb1 Nb6 (36... Nc5 37. Bb5 $44) 37. Bb5 (37. Re2 Nxa4 $19
) 37... Nc4 38. Bxc4 Rxc4 $19)) 29... Nb8 0-1